000
00224 a2200097 4500
001
7763
100
_a
Kober, H
245
_a
Dictionary of conformal representations
260
_a
_b
Dover Publication
_c
090
_c
6219
_d
6219
942
_a
NUST-CAE
_c
M
_c
32733
999
_c
242836
_d
242836